Loading...
Non tariff distortions of international trade /
| Main Author: | |
|---|---|
| Format: | Printed Book |
| Language: | English |
| Published: |
Washington :
The Brooking Institution,
1971.
|
| LEADER | 00521nam a22001457a 4500 | ||
|---|---|---|---|
| 008 | 160715b xxu||||| |||| 00| 0 eng d | ||
| 999 | |c 157228 |d 157228 | ||
| 020 | |a . | ||
| 082 | |a 382.7 | ||
| 100 | |a Baldwin, Robert E. | ||
| 245 | |a Non tariff distortions of international trade / |c Robert E. Baldwin | ||
| 260 | |b The Brooking Institution, |c 1971. |a Washington : | ||
| 300 | |a 210 p. | ||
| 942 | |c BK | ||
| 952 | |0 0 |1 0 |4 0 |6 382_700000000000000_BAL_N |7 0 |9 170227 |a CMS |b CMS |c ST1 |d 2016-07-15 |i 2156 |l 0 |o 382.7 BAL/N |p CMS2156 |r 2016-07-15 |w 2016-07-15 |y BK | ||